| 000 | 01074cam a22003257a 4500 | ||
|---|---|---|---|
| 003 | CHAP | ||
| 005 | 20220817042138.0 | ||
| 008 | 971013s1962 r 00010 d | ||
| 010 | _a36027 | ||
| 011 | _a36999 | ||
| 035 | _a41118 | ||
| 040 | _cCHAP | ||
| 082 |
_a338.15 _bF36d 1962 |
||
| 110 | _aFAO | ||
| 245 | 1 | 3 |
_aEl desarrollo económico mediante productos alimenticios _b: un plan estratégico para el empleo de excedentes |
| 250 | _a2 ed. | ||
| 260 |
_aRoma : _bFAO, _c1962 |
||
| 300 | _a177 p. | ||
| 490 | 0 |
_aFAO. Campaña Mundial contra el hambre. Estudio básico _v; 2 |
|
| 590 |
_aBATCH-UPD _b10 _c20130110 _lUCH01 _h1001 |
||
| 590 |
_aBATCH-UPD _b10 _c20130410 _lUCH01 _h0612 |
||
| 590 |
_aBATCH-UPD _b10 _c20130914 _lUCH01 _h0502 |
||
| 590 |
_aCONVERSION _b10 _c20130109 _lUCH01 _h1320 |
||
| 650 | 1 | 4 |
_aAyuda económica. _99033 |
| 650 | 1 | 4 |
_aExcedentes agrícolas. _939027 |
| 830 | 0 |
_aFAO. Campaña Mundial contra el hambre. Estudio básico _v; 2 _939462 |
|
| 901 | _aBK | ||
| 942 | _cLIBRO | ||
| 949 |
_a338.15 F36d 1962 _bBC _cFAO _d-94189 _eFAO1 _h5627 _i41118 _si |
||
| 999 |
_c36027 _d36027 |
||